Schmuck fur Lebende und Tote : Form und Funktion des Schmuckinventars der Königsgruft von Qaṭna in seinem soziokulturellen Umfeld /

محفوظ في:

المؤلف الرئيسي: Rossberger, Elisa (مؤلف)

التنسيق: كتاب

اللغة: German

منشور في: Wiesbaden : Harrassowitz Verlag, 2015.

سلاسل: Qatna Studien ; 4.

الموضوعات:

الوسوم: إضافة وسم

لا توجد وسوم, كن أول من يضع وسما على هذه التسجيلة!

رقم الطلب: DS99 .M5 R54 2015

LEADER 01076namaa2200277 4500
003 OSt
005 20260219081723.0
008 130303s2015 gw af b 000 0 ger d
020 |a 9783447104395 
040 |c ARCE Library 
043 |a a-sy--- 
050 4 |a DS99 .M5 R54 2015 
100 1 |a Rossberger, Elisa,  |e author  |9 38689 
245 1 0 |a Schmuck fur Lebende und Tote :   |b Form und Funktion des Schmuckinventars der Königsgruft von Qaṭna in seinem soziokulturellen Umfeld /   |c Elisa Rossberger. 
264 1 |a Wiesbaden :  |b Harrassowitz Verlag,  |c 2015. 
300 |a xxxiv, 476 pages, 44 pages of plates :   |b illustrations (some color), maps ;   |c 31 cm. 
490 1 |a Qatna Studien ;  |v 4. 
500 |a Originally issued at the author's dissertation  
504 |a Includes bibliographical references (pages [395]-445) 
650 0 |a Jewelry, Ancient  |z Syria  |x Al Mashrafah. 
650 0 |a Excavations (Archaeology)  |z Syria  |x Al Mashrafah. 
651 0 |a Al Mashrafah (Syria)   |x Antiquities. 
830 0 |a Qatna Studien ;  |v 4. 
901 |a reviewed 
942 |c BK  |2 lcc 
999 |c 5603  |d 5603